LEADER 01020nam0-2200337-i-450- 001 990009783650403321 005 20140526150525.0 010 $a978-1-107-03489-1$bhardback 035 $a000978365 035 $aFED01000978365 035 $a(Aleph)000978365FED01 035 $a000978365 100 $a20131104d2013----km-y0itay50------ba 101 0 $aeng 102 $aUS 105 $aa---a---001yy 200 1 $aCoherence in three-dimensional category theory$fNick Gurski 210 $aCambridge$cCambridge University Press$d2013 215 $aVII, 278 p.$d24 cm 225 1 $aCambridge tracts in mathematics$v201 610 0 $aTeoria delle categorie$aAlgebra omologica astratta$aPresentazione di ricerche 676 $a512'.55 700 1$aGurski,$bNick$0521241 801 0$aIT$bUNINA$gREICAT$2UNIMARC 901 $aBK 912 $a990009783650403321 952 $aC-34-(201$b71$fMA1 959 $aMA1 962 $a18-02 996 $aCoherence in three-dimensional category theory$9832851 997 $aUNINA LEADER 00882nam0-22002891i-450- 001 990006503150403321 005 20001010 035 $a000650315 035 $aFED01000650315 035 $a(Aleph)000650315FED01 035 $a000650315 100 $a20001010d--------km-y0itay50------ba 101 0 $aita 105 $ay-------001yy 200 1 $a<>lavoro della Confederazione$eimmagini per la storia del sindacato e del movimento operaio in Italia 1906-1986$fCGIL 210 $aMilano$cMazzotta$d1988. 215 $a358 p. in gran parte illustr. 24 cm 676 $a331.8 710 02$aCGIL$9$0374915 801 0$aIT$bUNINA$gRICA$2UNIMARC 901 $aBK 912 $a990006503150403321 952 $aXIV G 89$b7257$fFSPBC 959 $aFSPBC 996 $aLavoro della Confederazione$9654629 997 $aUNINA DB $aGEN01 LEADER 03488nam 2200577 450 001 9910810989103321 005 20170919050526.0 010 $a1-4422-5478-5 035 $a(CKB)3710000000468867 035 $a(EBL)4086035 035 $a(SSID)ssj0001545365 035 $a(PQKBManifestationID)16135562 035 $a(PQKBTitleCode)TC0001545365 035 $a(PQKBWorkID)14032063 035 $a(PQKB)10867644 035 $a(MiAaPQ)EBC4086035 035 $a(EXLCZ)993710000000468867 100 $a20160115h20152015 uy 0 101 0 $aeng 135 $aur|n|---||||| 181 $ctxt 182 $cc 183 $acr 200 10$aWonderfully wordless $ethe 500 most recommended graphic novels and picture books /$fWilliam Patrick Martin 210 1$aLanham, Maryland :$cRowman & Littlefield,$d2015. 210 4$dİ2015 215 $a1 online resource (335 p.) 300 $aDescription based upon print version of record. 311 $a1-4422-5477-7 320 $aIncludes bibliographical references. 327 $aContents; Acknowledgments; Introduction; CHAPTER 1. Classic Titles; CHAPTER 2. For and about Babies; CHAPTER 3. Concepts Galore; CHAPTER 4. Numbers and Letters; CHAPTER 5. Best at Bedtime; CHAPTER 6. Animals Aplenty; CHAPTER 7. Christmas Cheer; CHAPTER 8. Character Values; CHAPTER 9. Fabulous Friendships; CHAPTER 10. Comedy Capers; CHAPTER 11. Acts of Kindness; CHAPTER 12. Lost and Found; CHAPTER 13. Gala Gatherings; CHAPTER 14. Pet Mischief; CHAPTER 15. Aquatic Adventures; CHAPTER 16. Wonders of Nature; CHAPTER 17. Rural Rewards; CHAPTER 18. Creative Journeys; CHAPTER 19. Dreamy Departures 327 $aCHAPTER 20. Fashionable FavoritesCHAPTER 21. Fascinating Fantasies; CHAPTER 22. Marvelous Mysteries; CHAPTER 23. Pictorial Perspectives; CHAPTER 24. Difficult Challenges; CHAPTER 25. Edifying Exploits; CHAPTER 26. Leaps of Imagination; CHAPTER 27. Weird Encounters; CHAPTER 28. Social and Environmental Awareness; CHAPTER 29. Graphic Novels for Children; CHAPTER 30. Graphic Novels for Teens; CHAPTER 31. Woodcut Novels; CHAPTER 32. Special Interests; CHAPTER 33. 24 Wordless Book Artists You Should Know; Appendix 1. THE 500 MOST RECOMMENDED BOOKS BY OVERALL RANK 327 $aAppendix 2. THE 500 MOST RECOMMENDED BOOKS BY CHAPTERBibliography 330 $aWonderfully Wordless: The 500 Most Recommended Graphic Novels and Picture Books is the first comprehensive best book guide to wordless picture books (and nearly wordless picture books). It is an indispensable resource for parents and teachers who love graphic storytelling or who recognize the value of these exceptional books in working with different types of students, particularly preschool, English as a Second Language (ESL), and special needs, and creative writers. Every age group will benefit from Wonderfully Wordless, from babies and toddlers encountering their first books, to elementary 606 $aPicture books for children$vBibliography 606 $aPicture books$vBibliography 606 $aGraphic novels$vBibliography 606 $aBest books 615 0$aPicture books for children 615 0$aPicture books 615 0$aGraphic novels 615 0$aBest books. 676 $a011.62 700 $aMartin$b William P$g(William Patrick),$046423 801 0$bMiAaPQ 801 1$bMiAaPQ 801 2$bMiAaPQ 906 $aBOOK 912 $a9910810989103321 996 $aWonderfully wordless$94094344 997 $aUNINA